000 01163cad a2200289 4500
001 L158623
008 110215n2013 000 0 eng u
020 _a9781783210305
035 _a(Sirsi) u158623
041 _aeng
100 1 _aAibinu, Ajibade Ayodeji
111 2 _aConstruction and Building Research Conference
_cIIT Delhi, New Delhi
_d10-12 September 2013
245 0 3 _aAn integrated decision support system for estimating and planning building costs in a world of BIM
_h[electronic resource]
260 _aLondon
_bRICS
_c2013
490 0 _aCOBRA
_v2013
520 _aA paper presented at the COBRA Conference in New Delhi on 10-12 September 2013. Looks into developing an integrated decision support system for reliably estimating and planning the costs of engineering services for buildings during the design stage.
650 2 4 _aBIM
_96219
650 2 4 _aCOST PLANNING
650 2 4 _aCOST ESTIMATING
650 2 4 _aPROBABILITY MODELS
650 2 4 _aCONSTRUCTION AND BUILDING RESEARCH CONFERENCE (COBRA)
651 4 _aAustralia
690 _aBIM
_96219
690 _aQuantity surveying
_96263
700 1 _aChan,Toong-Khuan
942 _n0
999 _c115423
_d115423